[Event "Ste-Foy - Fischer"]
[Site "Ste-Foy CAN"]
[Date "2018.11.03"]
[Round "4"]
[White "Chabot, Michelin"]
[Black "Chouinard, Etienne"]
[Result "0-1"]
[WhiteElo "1529"]
[BlackElo "1904"]
[PlyCount "84"]
[EventDate "2018.10.13"]
[EventType "swiss"]
[EventRounds "5"]
[EventCountry "CAN"]

1. d4 d5 2. c4 e6 3. Nc3 Nf6 4. Bg5 Nbd7 5. e3 c6 6. Nf3 Qa5 7. Qc2 Ne4 8. Bd3
Nxg5 9. Nxg5 dxc4 10. Bxc4 Qxg5 11. O-O Nf6 12. f4 Qh6 13. Rae1 Bb4 14. Bd3
Bxc3 15. Qxc3 O-O 16. Rf3 Nd5 17. Qc1 g6 18. e4 Nc7 19. a4 Bd7 20. b3 Rad8 21.
e5 Bc8 22. Qe3 Nd5 23. Qf2 Ne7 24. g4 Rd7 25. g5 Qg7 26. Be4 Nf5 27. Bxf5 exf5
28. h4 Rfd8 29. d5 Rxd5 30. Qxa7 Qf8 31. h5 Qc5+ 32. Qxc5 Rxc5 33. h6 Rd2 34.
Rf2 Rcc2 35. Rxd2 Rxd2 36. Re3 Kf8 37. Kf1 Ke7 38. Ke1 Ra2 39. Re2 Rxe2+ 40.
Kxe2 Ke6 41. Kd3 Kd5 42. b4 b6 0-1

[Event "Ste-Foy - Fischer"]
[Site "Ste-Foy CAN"]
[Date "2018.11.03"]
[Round "4"]
[White "Labrecque, Rejean"]
[Black "Poliquin, Yvon"]
[Result "1-0"]
[WhiteElo "1658"]
[BlackElo "1926"]
[PlyCount "55"]
[EventDate "2018.10.13"]
[EventType "swiss"]
[EventRounds "5"]
[EventCountry "CAN"]

1. d4 d5 2. c4 Bf5 3. Nc3 e6 4. Qb3 Nc6 5. e3 Nb4 6. e4 Bxe4 7. Nxe4 dxe4 8.
Be3 a5 9. a3 a4 10. Qc3 Nd3+ 11. Bxd3 exd3 12. Qxd3 Nf6 13. Nf3 Be7 14. O-O O-O
15. Rfd1 c6 16. h3 Qc7 17. Rac1 Rfd8 18. Qc2 b6 19. Kh1 Qb7 20. Bf4 h6 21. Bh2
Ra5 22. Re1 Rh5 23. Re5 Bd6 24. Rxh5 Nxh5 25. Bxd6 Rxd6 26. Qxa4 c5 27. dxc5
bxc5 28. Qb5 1-0

[Event "Ste-Foy - Fischer"]
[Site "Ste-Foy CAN"]
[Date "2018.11.03"]
[Round "4"]
[White "Laflamme, Simon"]
[Black "Desbiens, Raphael"]
[Result "1/2-1/2"]
[WhiteElo "1935"]
[BlackElo "2207"]
[PlyCount "84"]
[EventDate "2018.10.13"]
[EventType "swiss"]
[EventRounds "5"]
[EventCountry "CAN"]

1. e4 e5 2. Nf3 Nc6 3. d4 exd4 4. Bc4 Nf6 5. O-O Nxe4 6. Re1 d5 7. Bxd5 Qxd5 8.
Nc3 Qh5 9. Nxe4 Be6 10. Bg5 Bd6 11. Nxd6+ cxd6 12. Bf4 Qd5 13. c3 Rc8 14. Rc1
O-O 15. Nxd4 Nxd4 16. Qxd4 Qxa2 17. Bxd6 Rfd8 18. Qb4 Qd5 19. Rcd1 Qb3 20. Qxb3
Bxb3 21. Rd2 g5 22. Rd4 Re8 23. Rxe8+ Rxe8 24. f3 b5 25. Kf2 f5 26. Bb4 Bc4 27.
Rd2 Kf7 28. g3 Kg6 29. h3 f4 30. g4 Kf7 31. Ba3 a5 32. Rd7+ Kg8 33. Rd2 Re6 34.
Rd8+ Kf7 35. Rd7+ Ke8 36. Rxh7 Re2+ 37. Kg1 Re3 38. Rg7 Rxf3 39. Rxg5 Rxh3 40.
Rf5 Rg3+ 41. Kf2 Rxg4 42. Kf3 Rh4 1/2-1/2

[Event "Ste-Foy - Fischer"]
[Site "Ste-Foy CAN"]
[Date "2018.11.03"]
[Round "4"]
[White "Rees, Thomas"]
[Black "Sauve, Richard"]
[Result "0-1"]
[WhiteElo "1358"]
[BlackElo "1842"]
[PlyCount "66"]
[EventDate "2018.10.13"]
[EventType "swiss"]
[EventRounds "5"]
[EventCountry "CAN"]

1. e4 e6 2. d4 d5 3. e5 c5 4. c3 Nc6 5. Nf3 Qb6 6. a3 Nh6 7. b4 cxd4 8. cxd4
Nf5 9. Bb2 Be7 10. Bd3 O-O 11. Bxf5 exf5 12. Nc3 Be6 13. O-O Rfc8 14. Rc1 a5
15. b5 Na7 16. a4 Rc4 17. Na2 Rac8 18. Rxc4 Rxc4 19. Qb3 Qd8 20. Rc1 Rxc1+ 21.
Bxc1 b6 22. Ba3 Nc8 23. Bxe7 Nxe7 24. Qc2 h6 25. h4 Ng6 26. g3 Ne7 27. Nc1 f4
28. Ne2 Bg4 29. Kg2 Nf5 30. gxf4 Bxf3+ 31. Kxf3 Nxh4+ 32. Kg4 Ng6 33. Ng3 Qh4+
0-1

[Event "Ste-Foy - Fischer"]
[Site "Ste-Foy CAN"]
[Date "2018.11.03"]
[Round "4"]
[White "Sarra-Bournet, Marc"]
[Black "Oliver, Vance"]
[Result "1/2-1/2"]
[WhiteElo "1872"]
[BlackElo "1579"]
[PlyCount "56"]
[EventDate "2018.10.13"]
[EventType "swiss"]
[EventRounds "5"]
[EventCountry "CAN"]

1. e4 g6 2. d4 Bg7 3. Nc3 d6 4. f4 a6 5. Nf3 b5 6. Bd3 Nd7 7. O-O c5 8. e5 cxd4
9. Nxd4 dxe5 10. Nc6 Qb6+ 11. Kh1 Bb7 12. Nxe5 Nxe5 13. fxe5 Bxe5 14. Ne4 Nf6
15. Qf3 O-O 16. Bh6 Nxe4 17. Bxe4 Bxe4 18. Qxe4 Bg7 19. Bxg7 Kxg7 20. Qxe7 Rae8
21. Rxf7+ Rxf7 22. Qxe8 Qf6 23. Qe1 Qxb2 24. Rd1 Qxc2 25. Qe5+ Kh6 26. Qe3+ Kg7
27. Qe5+ Kh6 28. Qe3+ Kg7 1/2-1/2

[Event "Ste-Foy - Fischer"]
[Site "Ste-Foy CAN"]
[Date "2018.11.10"]
[Round "5"]
[White "Desbiens, Raphael"]
[Black "Sarra-Bournet, Marc"]
[Result "1-0"]
[WhiteElo "2207"]
[BlackElo "1872"]
[PlyCount "45"]
[EventDate "2018.10.13"]
[EventType "swiss"]
[EventRounds "5"]
[EventCountry "CAN"]

1. e4 e5 2. Nf3 Nc6 3. Bc4 Bc5 4. b4 Bxb4 5. c3 Ba5 6. d4 exd4 7. O-O Nf6 8. e5
Ne4 9. cxd4 O-O 10. d5 Ne7 11. Qd4 Nxf2 12. Qxf2 Nf5 13. Kh1 Bb6 14. Qc2 d6 15.
Bd3 g6 16. Nc3 dxe5 17. Nxe5 Qh4 18. Bf4 Be3 19. Bxe3 Nxe3 20. Qf2 Qd4 21. Nxf7
Kg7 22. Nb5 Qb6 23. Qb2+ 1-0

[Event "Ste-Foy - Fischer"]
[Site "Ste-Foy CAN"]
[Date "2018.11.10"]
[Round "5"]
[White "Laflamme, Simon"]
[Black "Labrecque, Rejean"]
[Result "1-0"]
[WhiteElo "1935"]
[BlackElo "1658"]
[PlyCount "85"]
[EventDate "2018.10.13"]
[EventType "swiss"]
[EventRounds "5"]
[EventCountry "CAN"]

1. d4 d5 2. c4 c6 3. cxd5 cxd5 4. Bf4 Nc6 5. Nc3 Nf6 6. Nf3 e6 7. e3 a6 8. Bd3
Be7 9. h3 O-O 10. Rc1 Qb6 11. Qe2 Bd7 12. O-O Rac8 13. Rfd1 Rfd8 14. a3 Be8 15.
b4 Bd6 16. Bxd6 Rxd6 17. Na4 Qa7 18. Nc5 Qb8 19. Rc2 Nd7 20. Rdc1 Nxc5 21. Rxc5
b6 22. R5c3 b5 23. Qc2 Rdd8 24. Bxh7+ Kh8 25. Bd3 Ne7 26. Qe2 Rxc3 27. Rxc3 Rc8
28. Rc5 Rxc5 29. dxc5 Kg8 30. Nd4 e5 31. Nf5 Nxf5 32. Bxf5 Qd8 33. Qg4 d4 34.
exd4 exd4 35. Bd3 Bc6 36. Qh5 Qf6 37. Qf5 Qe6 38. Qxe6 fxe6 39. f3 Kf7 40. Be4
Bxe4 41. fxe4 e5 42. h4 Ke6 43. Kf2 1-0

[Event "Ste-Foy - Fischer"]
[Site "Ste-Foy CAN"]
[Date "2018.11.10"]
[Round "5"]
[White "Sauve, Richard"]
[Black "Oliver, Vance"]
[Result "1-0"]
[WhiteElo "1842"]
[BlackElo "1579"]
[PlyCount "43"]
[EventDate "2018.10.13"]
[EventType "swiss"]
[EventRounds "5"]
[EventCountry "CAN"]

1. d4 Nf6 2. c4 g6 3. Nc3 Bg7 4. e4 d6 5. f3 O-O 6. Be3 Nc6 7. Qd2 a6 8. Nge2
Rb8 9. h4 b5 10. h5 gxh5 11. Bh6 Ne8 12. Rxh5 e5 13. Rh1 bxc4 14. Bxg7 Nxg7 15.
Qh6 f6 16. O-O-O Bd7 17. Ng3 Na5 18. Nd5 Kf7 19. Nh5 Nxh5 20. Qxh5+ Ke6 21.
Qf5+ Kf7 22. Rxh7+ 1-0

[Event "Ste-Foy - Jeudi 1"]
[Site "Ste-Foy CAN"]
[Date "2018.07.05"]
[Round "4"]
[White "Auger, Bertrand"]
[Black "Chabot, Michelin"]
[Result "1-0"]
[WhiteElo "1956"]
[BlackElo "1572"]
[PlyCount "47"]
[EventDate "2018.06.14"]
[EventType "swiss"]
[EventRounds "5"]
[EventCountry "CAN"]

1. Nf3 c5 2. g3 b6 3. Bg2 Bb7 4. O-O d5 5. d4 e6 6. c4 Bd6 7. Nc3 Nd7 8. cxd5
exd5 9. e4 dxe4 10. Ng5 Ngf6 11. Ngxe4 Nxe4 12. Nxe4 Be7 13. Nd6+ Bxd6 14. Re1+
Kf8 15. Bxb7 Rb8 16. Bc6 Qc7 17. Bxd7 cxd4 18. Bb5 Rd8 19. Qe2 Qc8 20. Bd2 a5
21. Rac1 Qb8 22. Rc6 Bc5 23. Rxc5 bxc5 24. Qe7+ 1-0

[Event "Ste-Foy - Jeudi 1"]
[Site "Ste-Foy CAN"]
[Date "2018.07.05"]
[Round "4"]
[White "Fecteau, Martin"]
[Black "Leblanc-Legault, Mathieu"]
[Result "1-0"]
[WhiteElo "1965"]
[BlackElo "1702"]
[PlyCount "153"]
[EventDate "2018.06.14"]
[EventType "swiss"]
[EventRounds "5"]
[EventCountry "CAN"]

1. Nf3 d5 2. d4 Nf6 3. g3 c6 4. Bg2 Bf5 5. Nbd2 e6 6. h3 c5 7. g4 Bg6 8. Ne5
Be7 9. c3 Nc6 10. Qa4 Qc7 11. Ndf3 Be4 12. Bf4 Bd6 13. dxc5 Bxc5 14. Ng6 Qb6
15. Nxh8 Qxb2 16. O-O Qxe2 17. Qd1 Qxd1 18. Rfxd1 h6 19. Nd2 Bc2 20. Re1 Ke7
21. Nxf7 Kxf7 22. a4 Bb6 23. Ra2 Bd3 24. Bf1 Bh7 25. Rb2 Nd7 26. Be3 Bxe3 27.
Rxe3 Nc5 28. Nf3 Rb8 29. Bb5 Nd8 30. a5 a6 31. Bf1 Nc6 32. Ra2 Rc8 33. Nd4 g5
34. Nxc6 Rxc6 35. Rb2 Rc7 36. Rb6 Re7 37. Rb4 Rc7 38. f3 Kf6 39. Kg2 e5 40. Kf2
Bg6 41. Ke1 Bc2 42. Kd2 Ba4 43. Ke1 Bc2 44. Rb6+ Rc6 45. Rxc6+ bxc6 46. Kd2 Ba4
47. Ke1 Bb5 48. c4 dxc4 49. Rc3 Na4 50. Rc1 Nb2 51. Kd2 Ke6 52. Kc3 Nd3 53. Rd1
c5 54. Rd2 Kd5 55. Rh2 Nf4 56. h4 e4 57. fxe4+ Kxe4 58. hxg5 Nd5+ 59. Kd2 c3+
60. Ke1 hxg5 61. Bg2+ Kd4 62. Bxd5 Kxd5 63. Rh5 c2 64. Kd2 Be2 65. Kxc2 Kc4 66.
Rxg5 Kb4 67. Rf5 c4 68. Rf4 Kxa5 69. Kc3 Kb6 70. g5 Bd3 71. Rf6+ Kc7 72. Rxa6
Kd7 73. Kd4 Ke7 74. Rf6 Ke8 75. g6 Ke7 76. g7 Bh7 77. Rf8 1-0

[Event "Ste-Foy - Jeudi 1"]
[Site "Ste-Foy CAN"]
[Date "2018.07.05"]
[Round "4"]
[White "Garcia Casillas, Carlos"]
[Black "Sauve, Richard"]
[Result "0-1"]
[WhiteElo "1789"]
[BlackElo "1860"]
[PlyCount "80"]
[EventDate "2018.06.14"]
[EventType "swiss"]
[EventRounds "5"]
[EventCountry "CAN"]

1. e4 e6 2. d4 d5 3. Nc3 Nf6 4. e5 Nfd7 5. f4 c5 6. Nf3 Nc6 7. Be3 a6 8. Qd2
cxd4 9. Nxd4 Bc5 10. O-O-O O-O 11. h4 Nxd4 12. Bxd4 b5 13. Rh3 b4 14. Na4 Bxd4
15. Qxd4 a5 16. f5 Qc7 17. Re1 Qc6 18. b3 Ba6 19. Bxa6 Rxa6 20. f6 Rc8 21. Re2
Qc7 22. Qg4 g6 23. Qg5 Rc6 24. c3 Qd8 25. h5 Qf8 26. hxg6 fxg6 27. g4 bxc3 28.
b4 Qf7 29. Reh2 Nf8 30. b5 R6c7 31. Qe3 d4 32. Qd3 Rd8 33. Rc2 Qe8 34. b6 Rb7
35. Qe4 Rd5 36. Nxc3 dxc3 37. Rhxc3 Qd8 38. Qe1 Qxb6 39. f7+ Rxf7 40. Rc8 Qd4
0-1

[Event "Ste-Foy - Jeudi 1"]
[Site "Ste-Foy CAN"]
[Date "2018.07.19"]
[Round "5"]
[White "Cummins, Paul"]
[Black "Garcia Casillas, Carlos"]
[Result "1-0"]
[WhiteElo "1754"]
[BlackElo "1789"]
[PlyCount "157"]
[EventDate "2018.06.14"]
[EventType "swiss"]
[EventRounds "5"]
[EventCountry "CAN"]

1. e4 c5 2. Nc3 e6 3. Nf3 d5 4. exd5 exd5 5. Bb5+ Nc6 6. Qe2+ Be7 7. d4 Nf6 8.
dxc5 O-O 9. Bxc6 bxc6 10. O-O Bxc5 11. Bg5 a5 12. Rfe1 Ba6 13. Qd1 Qb6 14. Bh4
Ng4 15. Qd2 Qa7 16. h3 Nh6 17. Na4 Bd6 18. Bg5 Nf5 19. g4 Ng3 20. Nh4 Rfe8 21.
Nf5 Ne2+ 22. Kg2 Bf8 23. Nc3 Nxc3 24. bxc3 c5 25. Kg1 Qd7 26. Ng3 Bb7 27. Rxe8
Rxe8 28. Re1 Rxe1+ 29. Qxe1 d4 30. Ne4 Qd5 31. f3 f5 32. gxf5 Qxf5 33. Qg3 Bxe4
34. fxe4 Qxe4 35. cxd4 cxd4 36. Qb3+ Kh8 37. Qf7 Qe1+ 38. Kg2 Qe2+ 39. Kg1 Qe1+
40. Qf1 Qxf1+ 41. Kxf1 Kg8 42. Ke2 Bb4 43. Kd3 Bc3 44. Bf4 Kf7 45. Be5 g5 46.
Ke4 Ke6 47. Bg3 h5 48. Be5 a4 49. Bg3 a3 50. Be5 h4 51. Bh2 Bb2 52. Bg1 Kf6 53.
Bh2 Kg6 54. Bg1 Kf6 55. Bh2 Ke6 56. Bb8 Bc1 57. Bh2 Be3 58. Be5 Bg1 59. Bg7 g4
60. hxg4 h3 61. Kf3 h2 62. Kg2 Kd5 63. Bf8 Ke4 64. Bxa3 Kf4 65. Bd6+ Kxg4 66.
Bxh2 Bxh2 67. Kxh2 Kf3 68. a4 Ke2 69. a5 Kd2 70. a6 Kxc2 71. a7 d3 72. a8=Q d2
73. Qc6+ Kd3 74. Qd5+ Ke2 75. Qe4+ Kd1 76. Kg2 Kc1 77. Qc4+ Kb2 78. Qd3 Kc1 79.
Qc3+ 1-0

[Event "Ste-Foy - Jeudi 1"]
[Site "Ste-Foy CAN"]
[Date "2018.07.19"]
[Round "5"]
[White "Fecteau, Martin"]
[Black "Fleury, Dominic"]
[Result "1-0"]
[WhiteElo "1965"]
[BlackElo "1224"]
[PlyCount "90"]
[EventDate "2018.06.14"]
[EventType "swiss"]
[EventRounds "5"]
[EventCountry "CAN"]

1. d4 d5 2. c4 Nf6 3. cxd5 Nxd5 4. e4 Nf6 5. e5 Nd5 6. Nc3 Nc6 7. Nf3 Bf5 8. a3
e6 9. Be2 Be7 10. O-O O-O 11. h3 h6 12. Bd3 Bg5 13. Bxg5 hxg5 14. g4 Bxd3 15.
Qxd3 Nf4 16. Qe4 Nxh3+ 17. Kh2 Nf4 18. Kg3 g6 19. Rh1 Kg7 20. Nxg5 Qxg5 21.
Qxf4 Qxf4+ 22. Kxf4 Nxd4 23. Ne4 b6 24. Rad1 c5 25. b4 Rac8 26. bxc5 bxc5 27.
Rhe1 Rh8 28. Rd2 Rh3 29. Re3 Rxe3 30. fxe3 Nb3 31. Rd7 c4 32. Nc3 a5 33. Kg5
Rc5 34. Kf4 g5+ 35. Ke4 Kg6 36. Rd8 f6 37. exf6 Kxf6 38. Kf3 Rc7 39. Kg3 Na1
40. Ra8 Rc5 41. Kf3 Nc2 42. Ne4+ Ke7 43. Nxc5 c3 44. Ne4 Nxe3 45. Kxe3 c2 1-0

[Event "Ste-Foy - Jeudi 1"]
[Site "Ste-Foy CAN"]
[Date "2018.07.19"]
[Round "5"]
[White "Gaulin, Gaetan"]
[Black "Auger, Bertrand"]
[Result "1/2-1/2"]
[WhiteElo "1928"]
[BlackElo "1956"]
[PlyCount "75"]
[EventDate "2018.06.14"]
[EventType "swiss"]
[EventRounds "5"]
[EventCountry "CAN"]

1. c4 Nf6 2. Nc3 b6 3. Nf3 Bb7 4. d4 e6 5. Bg5 h6 6. Bh4 Bb4 7. a3 Bxc3+ 8.
bxc3 O-O 9. e3 d6 10. Be2 Nbd7 11. O-O Qe7 12. Nd2 e5 13. Re1 Rfe8 14. Qc2 e4
15. f3 exf3 16. Bxf3 Bxf3 17. gxf3 Qe6 18. Qd3 Qh3 19. Bg3 Nh5 20. Ne4 Qf5 21.
Kg2 Qg6 22. Nf2 f5 23. Nh3 Ndf6 24. Kf2 Re7 25. Rg1 Nxg3 26. hxg3 Rae8 27. Rae1
Qh7 28. Rh1 Qg6 29. Nf4 Qg5 30. Nh3 Qh5 31. Nf4 Qg5 32. Re2 h5 33. Rh2 g6 34.
Rh1 Rh7 35. Ree1 Rhe7 36. Re2 Rh7 37. Ree1 Rhe7 38. Re2 1/2-1/2

[Event "Ste-Foy - Jeudi 2"]
[Site "Ste-Foy CAN"]
[Date "2018.07.26"]
[Round "1"]
[White "Chabot, Michelin"]
[Black "Lalonde, Jean-Louis"]
[Result "0-1"]
[WhiteElo "1572"]
[BlackElo "1869"]
[PlyCount "98"]
[EventDate "2018.07.26"]
[EventType "swiss"]
[EventRounds "5"]
[EventCountry "CAN"]

1. d4 Nf6 2. c4 g6 3. Nc3 Bg7 4. Nf3 O-O 5. Bg5 d6 6. e3 c6 7. Bd3 Qc7 8. Qc2
e5 9. O-O Ne8 10. dxe5 dxe5 11. e4 Na6 12. a3 Nc5 13. Be3 Ne6 14. Ne2 Nf6 15.
h3 Nh5 16. b4 Nhf4 17. Nxf4 exf4 18. Bd2 Nd4 19. Nxd4 Bxd4 20. Bc3 Bxc3 21.
Qxc3 f3 22. Bc2 Be6 23. Qxf3 Bxc4 24. Rfe1 Qe5 25. Bb3 Bxb3 26. Qxb3 Rad8 27.
Rad1 Qc7 28. Qe3 b6 29. Rc1 Rd6 30. f4 Rfd8 31. Rc3 Qd7 32. Kh2 Rd3 33. Qc1
Rxc3 34. Qxc3 Qd2 35. Re3 Qxc3 36. Rxc3 Rd4 37. Rxc6 Rd3 38. f5 gxf5 39. exf5
Kg7 40. g4 h6 41. h4 Rxa3 42. Rc4 Ra4 43. g5 hxg5 44. Rg4 Kf6 45. Rxg5 Rxb4 46.
Rh5 a5 47. Kg3 a4 48. Rg5 a3 49. Rg8 Ra4 0-1

[Event "Ste-Foy - Jeudi 2"]
[Site "Ste-Foy CAN"]
[Date "2018.07.26"]
[Round "1"]
[White "Dube, Dominic"]
[Black "Michaud, Jacques"]
[Result "0-1"]
[WhiteElo "1850"]
[BlackElo "1563"]
[PlyCount "79"]
[EventDate "2018.07.26"]
[EventType "swiss"]
[EventRounds "5"]
[EventCountry "CAN"]

1. e4 c5 2. Nf3 d6 3. d4 cxd4 4. Nxd4 Nf6 5. Nc3 g6 6. Bc4 e6 7. O-O a6 8. a4
Nc6 9. Nde2 Bg7 10. Bf4 e5 11. Bg3 Nh5 12. Nd5 O-O 13. a5 Nxa5 14. Ba2 Kh8 15.
f4 Nxg3 16. Nxg3 exf4 17. Rxf4 Bxb2 18. Rb1 Be5 19. Rf1 b5 20. Qd2 Nc4 21. Qh6
Bg7 22. Qf4 Be5 23. Qh6 Be6 24. Bxc4 bxc4 25. Rb7 Bxd5 26. exd5 Bg7 27. Qf4 f5
28. Qxc4 Rc8 29. Qa4 Qf6 30. Kh1 Qd4 31. Qxa6 Qxd5 32. Qa7 Rxc2 33. Rg1 Qd4 34.
Qa3 Qc5 35. Qa4 Rc1 36. Nf1 Qc4 37. Qd7 Rg8 38. Qxd6 Rxf1 39. Rxg7 Rxg1+ 40.
Kxg1 0-1

[Event "Ste-Foy - Jeudi 2"]
[Site "Ste-Foy CAN"]
[Date "2018.07.26"]
[Round "1"]
[White "Gervais, Emile"]
[Black "Dube, Daniel"]
[Result "0-1"]
[WhiteElo "1545"]
[BlackElo "1839"]
[PlyCount "94"]
[EventDate "2018.07.26"]
[EventType "swiss"]
[EventRounds "5"]
[EventCountry "CAN"]

1. e4 Nf6 2. Nc3 d5 3. exd5 Nxd5 4. Bc4 c6 5. Qf3 e6 6. Nge2 Nd7 7. d4 Qf6 8.
Qe4 N7b6 9. Bb3 Bb4 10. Bd2 a5 11. a3 Be7 12. O-O a4 13. Ba2 Qg6 14. Nf4 Nxc3
15. Qxg6 hxg6 16. Bxc3 Bd6 17. Nh3 Nd5 18. Bd2 Bd7 19. f4 Bc7 20. c4 Nf6 21.
Ng5 O-O 22. Rfe1 Bb6 23. Nf3 Rad8 24. Bc3 c5 25. d5 exd5 26. cxd5 c4+ 27. Kf1
Nxd5 28. Bd4 Bxd4 29. Nxd4 Rfe8 30. g3 b5 31. Kf2 Nf6 32. Rad1 Ne4+ 33. Kg1 Bg4
34. Rc1 Rxd4 35. Bb1 f5 36. Re3 Rd2 37. Rce1 Bh3 38. R3e2 Rxe2 39. Rxe2 Nf6 40.
Rxe8+ Nxe8 41. Kf2 Kf7 42. Bc2 Ke6 43. Bd1 Bg4 44. Bxg4 fxg4 45. Ke3 Kd5 46.
Kd2 Kd4 47. Ke2 c3 0-1

[Event "Ste-Foy - Jeudi 2"]
[Site "Ste-Foy CAN"]
[Date "2018.07.26"]
[Round "1"]
[White "Sauve, Richard"]
[Black "Jean, Martin"]
[Result "1-0"]
[WhiteElo "1897"]
[BlackElo "1610"]
[PlyCount "53"]
[EventDate "2018.07.26"]
[EventType "swiss"]
[EventRounds "5"]
[EventCountry "CAN"]

1. d4 g6 2. c4 Bg7 3. Nc3 d6 4. e4 e6 5. Nf3 Nd7 6. Be2 Ne7 7. O-O O-O 8. Bf4
b6 9. Qd2 Bb7 10. Rfd1 a6 11. Bh6 f6 12. h4 e5 13. Bxg7 Kxg7 14. Qe3 Qe8 15.
Rac1 Qf7 16. Nd5 Nxd5 17. cxd5 Rac8 18. dxe5 fxe5 19. Ng5 Qf6 20. Ne6+ Kg8 21.
Nxf8 Nxf8 22. Bg4 Qxh4 23. Bxc8 Bxc8 24. Rxc7 Bg4 25. Rdc1 g5 26. Ra7 Ng6 27.
Rcc7 1-0

[Event "Ste-Foy - Jeudi 2"]
[Site "Ste-Foy CAN"]
[Date "2018.08.02"]
[Round "2"]
[White "Dube, Daniel"]
[Black "Leblanc-Legault, Mathieu"]
[Result "0-1"]
[WhiteElo "1839"]
[BlackElo "1702"]
[PlyCount "114"]
[EventDate "2018.07.26"]
[EventType "swiss"]
[EventRounds "5"]
[EventCountry "CAN"]

1. e4 c6 2. d4 d5 3. e5 c5 4. dxc5 e6 5. a3 Bxc5 6. b4 Bb6 7. Bb2 Ne7 8. Bd3
Ng6 9. g3 Nc6 10. Nf3 Bd7 11. O-O a6 12. Nbd2 Bc7 13. Re1 b5 14. Nb3 Qb8 15.
Qe2 Bb6 16. h4 Nge7 17. Nfd4 Qa7 18. c3 g6 19. Rad1 h5 20. Nxc6 Bxc6 21. Bc1
Nf5 22. Bxf5 gxf5 23. Be3 Bxe3 24. Qxe3 Qxe3 25. Rxe3 Rg8 26. Rd4 Rg7 27. Re1
Ke7 28. Red1 Bd7 29. Nc5 Bc6 30. Nb3 Rgg8 31. Na5 Rgc8 32. R4d3 Rc7 33. Nb3 Be8
34. Ra1 Rc4 35. Nc5 a5 36. Nb7 axb4 37. Nd6 Rxc3 38. Rxc3 bxc3 39. Nxe8 Kxe8
40. Kf1 b4 41. Ke2 Rxa3 42. Rc1 Ra2+ 43. Ke3 Rd2 44. Ra1 d4+ 45. Kf4 c2 46. Kg5
Rd1 47. Ra8+ Kd7 48. Ra7+ Kc6 49. Rxf7 c1=Q+ 50. Kxh5 b3 51. Kg6 b2 52. h5 b1=Q
53. f4 Rg1 54. Kf6 Rxg3 55. h6 Qxf4 56. h7 Qh6+ 57. Ke7 Rg7 0-1

[Event "Ste-Foy - Jeudi 2"]
[Site "Ste-Foy CAN"]
[Date "2018.08.02"]
[Round "2"]
[White "Genest, Dominic"]
[Black "Sauve, Richard"]
[Result "0-1"]
[WhiteElo "1710"]
[BlackElo "1897"]
[PlyCount "30"]
[EventDate "2018.07.26"]
[EventType "swiss"]
[EventRounds "5"]
[EventCountry "CAN"]

1. c4 e6 2. g3 d5 3. Bg2 f5 4. Nf3 c6 5. O-O Nf6 6. b3 Bd6 7. Bb2 O-O 8. d4
Nbd7 9. Nbd2 Ne4 10. cxd5 exd5 11. Ne5 Qe7 12. Nxd7 Bxd7 13. f3 Nxg3 14. hxg3
Bxg3 15. f4 Qe3+ 0-1

[Event "Ste-Foy - Jeudi 2"]
[Site "Ste-Foy CAN"]
[Date "2018.08.02"]
[Round "2"]
[White "Lalonde, Jean-Louis"]
[Black "Cummins, Paul"]
[Result "1/2-1/2"]
[WhiteElo "1869"]
[BlackElo "1772"]
[PlyCount "69"]
[EventDate "2018.07.26"]
[EventType "swiss"]
[EventRounds "5"]
[EventCountry "CAN"]

1. d4 d5 2. Nf3 Nf6 3. e3 g6 4. c4 c6 5. Nc3 Bg7 6. Be2 O-O 7. O-O b6 8. Ne5
Bb7 9. cxd5 cxd5 10. Bd2 Nbd7 11. f4 Ne4 12. Rc1 Nxd2 13. Qxd2 Nf6 14. Bf3 Rc8
15. b4 Ne4 16. Nxe4 dxe4 17. Rxc8 Qxc8 18. Bg4 e6 19. Rc1 Qd8 20. Be2 Bxe5 21.
fxe5 Qe7 22. a3 Rd8 23. Bb5 a6 24. Bc6 Rc8 25. d5 exd5 26. Qxd5 Qg5 27. Qxe4
Rxc6 28. Rxc6 Bxc6 29. Qxc6 Qxe3+ 30. Kf1 Qf4+ 31. Qf3 Qxe5 32. Qa8+ Kg7 33.
Qxa6 Qf4+ 34. Ke1 Qe3+ 35. Kf1 1/2-1/2

[Event "Ste-Foy - Jeudi 2"]
[Site "Ste-Foy CAN"]
[Date "2018.08.02"]
[Round "2"]
[White "Marois, Remi"]
[Black "Deschesnes, Jean"]
[Result "0-1"]
[WhiteElo "1669"]
[BlackElo "1798"]
[PlyCount "58"]
[EventDate "2018.07.26"]
[EventType "swiss"]
[EventRounds "5"]
[EventCountry "CAN"]

1. e4 c5 2. Nf3 d6 3. d4 cxd4 4. Nxd4 Nf6 5. Nc3 g6 6. Be3 Bg7 7. f3 O-O 8. Qd2
Nc6 9. Bc4 Bd7 10. Bb3 Qa5 11. O-O-O Rfc8 12. g4 Ne5 13. h4 Nc4 14. Bxc4 Rxc4
15. Nb3 Qa6 16. Kb1 Rac8 17. h5 Bxg4 18. fxg4 Rxc3 19. bxc3 Nxe4 20. hxg6 Nxd2+
21. Rxd2 hxg6 22. Bd4 Rxc3 23. Bxg7 Kxg7 24. Rdh2 e6 25. g5 Kf8 26. Rf2 e5 27.
Rh7 Qc4 28. Kb2 Rxb3+ 29. Kc1 Rg3 0-1

[Event "Ste-Foy - Jeudi 2"]
[Site "Ste-Foy CAN"]
[Date "2018.08.09"]
[Round "3"]
[White "Cummins, Paul"]
[Black "Dube, Daniel"]
[Result "1-0"]
[WhiteElo "1772"]
[BlackElo "1839"]
[PlyCount "127"]
[EventDate "2018.07.26"]
[EventType "swiss"]
[EventRounds "5"]
[EventCountry "CAN"]

1. e4 g6 2. d4 d6 3. Bd3 Bg7 4. Ne2 a6 5. O-O Nd7 6. f4 c5 7. c3 cxd4 8. cxd4
Qb6 9. Bc4 Ngf6 10. Nbc3 O-O 11. Kh1 Qc7 12. Bd3 b5 13. e5 Ne8 14. Nd5 Qd8 15.
Be3 dxe5 16. Nb4 Bb7 17. dxe5 Nb6 18. Bxb6 Qxb6 19. Nc3 Rd8 20. Nc2 f6 21. Qe2
f5 22. Ne3 Nc7 23. a4 b4 24. a5 Qd4 25. Bc4+ Kh8 26. Rad1 Qc5 27. Na4 Qxa5 28.
b3 Nd5 29. Ra1 Qc7 30. Rac1 Qa5 31. Bxd5 Rxd5 32. Nxd5 Qxd5 33. Rfd1 Qe4 34.
Qxe4 fxe4 35. Nc5 Ba8 36. Ne6 Re8 37. Rd8 Rxd8 38. Nxd8 Bd5 39. Kg1 g5 40. Rc8
Bh6 41. fxg5 Bf8 42. Nc6 Kg7 43. Nxb4 Bxb3 44. Nxa6 Kf7 45. Kf2 Bg7 46. Nc5 Bd5
47. Rd8 e6 48. Rd7+ Kg6 49. h4 Bxe5 50. Ke3 Bg3 51. h5+ Kxh5 52. Rxh7+ Kg6 53.
Rh8 Kf5 54. Rf8+ Kxg5 55. Nxe4+ Bxe4 56. Kxe4 e5 57. Rg8+ Kh4 58. Kf3 Be1 59.
Ke4 Bg3 60. Kf5 Bh2 61. Rg7 Bf4 62. Rg4+ Kh5 63. g3 Bc1 64. Rh4# 1-0

[Event "Ste-Foy - Jeudi 2"]
[Site "Ste-Foy CAN"]
[Date "2018.08.09"]
[Round "3"]
[White "Deschesnes, Jean"]
[Black "Leblanc-Legault, Mathieu"]
[Result "0-1"]
[WhiteElo "1798"]
[BlackElo "1702"]
[PlyCount "150"]
[EventDate "2018.07.26"]
[EventType "swiss"]
[EventRounds "5"]
[EventCountry "CAN"]

1. b3 d5 2. Bb2 Nf6 3. e3 Bf5 4. f4 e6 5. Nf3 Be7 6. Be2 O-O 7. O-O c5 8. Ne5
h6 9. d3 Nc6 10. Nd2 Qc7 11. Ndf3 Ng4 12. Nxg4 Bxg4 13. Qe1 f5 14. h3 Bh5 15.
g4 Be8 16. Qg3 g6 17. Ne5 Nxe5 18. Bxe5 Bd6 19. Bb2 Kh7 20. Qh4 Qf7 21. Rf2 Be7
22. g5 h5 23. Rg2 Kg8 24. Bxh5 Qh7 25. Rf1 Qxh5 26. Qf2 Rf7 27. Rg3 Bf8 28. Qd2
b6 29. Rf2 Bg7 30. c3 Bc6 31. d4 Bb5 32. a4 Ba6 33. Ba3 Bf8 34. Bb2 Rc7 35. Kh2
Rac8 36. Rg1 Bd6 37. Re1 Rh7 38. Kg1 Qxh3 39. Rg2 Qf3 40. Qf2 Qxf2+ 41. Rxf2
Bd3 42. Rh2 Rcc7 43. Rd1 Rxh2 44. Kxh2 Bc2 45. Rd2 Bxb3 46. Kg3 Bxa4 47. Ba3
Be7 48. Bb2 Bf8 49. Kg2 Bb5 50. Kg3 Bc4 51. Kg2 b5 52. Kf3 a5 53. Rd1 Bb3 54.
Ra1 Ra7 55. Ra3 a4 56. Ra1 Bd6 57. Rh1 a3 58. Ba1 a2 59. dxc5 Bf8 60. c4 Bg7
61. cxb5 Bxa1 62. b6 d4 63. Rc1 Bd5+ 64. Ke2 Ra3 65. c6 Rxe3+ 66. Kf2 Rc3 67.
Rxc3 dxc3 68. b7 c2 69. b8=Q+ Kh7 70. Qc7+ Bg7 71. Qd7 c1=Q 72. c7 Qxf4+ 73.
Ke2 a1=Q 74. c8=Q Qf3+ 75. Kd2 Qad1# 0-1

[Event "Ste-Foy - Jeudi 2"]
[Site "Ste-Foy CAN"]
[Date "2018.08.09"]
[Round "3"]
[White "Sauve, Richard"]
[Black "Garcia Casillas, Carlos"]
[Result "1-0"]
[WhiteElo "1897"]
[BlackElo "1791"]
[PlyCount "61"]
[EventDate "2018.07.26"]
[EventType "swiss"]
[EventRounds "5"]
[EventCountry "CAN"]

1. d4 Nf6 2. c4 g6 3. Nc3 Bg7 4. e4 d6 5. f3 O-O 6. Be3 e5 7. Nge2 Nh5 8. g4
Nf4 9. Nxf4 exf4 10. Bf2 Nc6 11. Qd2 f5 12. gxf5 gxf5 13. O-O-O fxe4 14. Nxe4
a6 15. a3 b5 16. cxb5 axb5 17. Bxb5 Na5 18. Qb4 d5 19. Nc5 Rf6 20. Bh4 c6 21.
Bd3 Qc7 22. Bxf6 Bxf6 23. Rde1 Rb8 24. Qc3 Be7 25. b4 Bxc5 26. dxc5 d4 27. Qc2
Bd7 28. Re7 Qd8 29. Rg1+ Kf8 30. Rxh7 Be6 31. Rh8+ 1-0